000 00459nam a2200181 a 4500
020 _a0415149
082 0 0 _a291.14
_bRYC
100 _aRyce, Joel Menuhin
245 _aJung and the Monotheisms
260 _aLondon
_bRoutledge Chapman Hall
_c1994
300 _a274p
500 _aincludes index and biblioraphy
505 2 _aIndex
650 _aReligion-Philosophy
650 _aComparative Religion
700 1 _aRyce, Joel Menuhin
942 _cBK
999 _c6285
_d6285